[Event "Bhubaneswar op-A 14th"]
[Site "Bhubaneswar"]
[Date "2023.06.13"]
[Round "4"]
[White "Oishik, Kundu"]
[Black "Rupam, Mukherjee"]
[Result "0-1"]
[WhiteElo "1503"]
[BlackElo "1736"]
[PlyCount "104"]
[EventDate "2023.06.11"]
[EventType "swiss"]
[EventRounds "10"]
[EventCountry "IND"]
[SourceTitle "CBM 214 Extra"]
[Source "ChessBase"]
[SourceDate "2023.07.31"]
[SourceVersion "1"]
[SourceVersionDate "2023.07.31"]
[SourceQuality "1"]

1. e4 e6 2. d4 d5 3. Nd2 dxe4 4. Nxe4 Bd7 5. Nf3 Bc6 6. Ng3 Nd7 7. c3 Ngf6 8. Bd3 Be7 9. 0-0 Bxf3 10. Qxf3 c6 11. Bg5 Nd5 12. Bxe7 Nxe7 13. Nh5 0-0 14. Qh3 Ng6 15. f4 Nf6 16. f5 Nxh5 17. Qxh5 exf5 18. Bxf5 Qd6 19. Rf3 h6 20. Raf1 Nh8 21. g4 Qe7 22. h4 Rae8 23. Bd3 Qe6 24. Rg3 Qd6 25. Rff3 Re1+ 26. Kg2 Ng6 27. Kf2 Nf4 28. Qf5 Nxd3+ 29. Qxd3 Rfe8 30. g5 Rh1 31. Qc4 Qg6 32. Qd3 Rhe1 33. Re3 Qd6 34. Rxe8+ Rxe8 35. Qd1 Qf4+ 36. Kg2 Qxh4 37. Rg4 Qh5 38. gxh6 Qxh6 39. Rg3 Qe6 40. Kh2 Qxa2 41. Qd2 Qe6 42. Qg5 g6 43. Qh6 Qf6 44. Kh3 Qf5+ 45. Kh2 a5 46. c4 Qf6 47. Qd2 Re4 48. d5 Qe5 49. Qh6 Re2+ 50. Kh3 Qf5+ 51. Rg4 Qf3+ 52. Rg3 Qh1+ 0-1

[Event "IND-ch 59th"]
[Site "New Delhi"]
[Date "2023.01.03"]
[Round "13"]
[White "Rupam, Mukherjee"]
[Black "Yuvraj, Singh"]
[Result "0-1"]
[WhiteElo "1838"]
[BlackElo "1516"]
[PlyCount "120"]
[EventDate "2022.12.22"]
[EventType "swiss"]
[EventRounds "13"]
[EventCountry "IND"]
[SourceTitle "CBM 211 Extra"]
[Source "ChessBase"]
[SourceDate "2023.01.31"]
[SourceVersion "1"]
[SourceVersionDate "2023.01.31"]
[SourceQuality "1"]

1. Nf3 d5 2. b3 Nf6 3. Bb2 Bf5 4. g3 e6 5. Bg2 Be7 6. 0-0 0-0 7. Nh4 Bg4 8. h3 Bh5 9. g4 Ne4 10. Nf3 Bg6 11. d3 Nd6 12. Ne5 Nd7 13. Nxg6 hxg6 14. Nd2 Bf6 15. c3 a5 16. e4 dxe4 17. Nxe4 Nxe4 18. Bxe4 Nc5 19. Bg2 Qxd3 20. Ba3 Qb5 21. Qf3 Rfd8 22. Rad1 Be5 23. c4 Qb6 24. Qe3 Bd6 25. Rd2 Bf8 26. Rdd1 Nd3 27. Bxf8 Qxe3 28. fxe3 Kxf8 29. Bxb7 Rab8 30. Be4 Ne5 31. Bc2 Rxd1 32. Rxd1 a4 33. Kf2 Ke7 34. Ke2 axb3 35. Bxb3 Rh8 36. Rh1 Nxg4 37. a4 Ne5 38. Kd2 Kd6 39. Kc3 Kc5 40. Bc2 Nxc4 41. e4 g5 42. Bd3 Ne5 43. Be2 Rh4 44. Kd2 Rxe4 45. Rc1+ Nc4+ 46. Kd1 Rd4+ 47. Ke1 Kb4 48. a5 Nxa5 49. Rxc7 Rf4 50. Rc8 Nb3 51. Rb8+ Kc3 52. Rc8+ Kd4 53. Rc4+ Ke5 54. Rc3 Nd4 55. Bd1 f5 56. Rc8 Rh4 57. Rc3 Kf4 58. Kf2 Rh8 59. Rc4 e5 60. Rc3 Rb8 0-1

[Event "IND-ch 59th"]
[Site "New Delhi"]
[Date "2022.12.23"]
[Round "2"]
[White "Deepan Chakkravarthy, J."]
[Black "Rupam, Mukherjee"]
[Result "1/2-1/2"]
[WhiteElo "2457"]
[BlackElo "1838"]
[PlyCount "62"]
[EventDate "2022.12.22"]
[EventType "swiss"]
[EventRounds "13"]
[EventCountry "IND"]
[SourceTitle "CBM 211 Extra"]
[Source "ChessBase"]
[SourceDate "2023.01.31"]
[SourceVersion "1"]
[SourceVersionDate "2023.01.31"]
[SourceQuality "1"]

1. e4 e6 2. d3 d5 3. Nd2 Nf6 4. Ngf3 Nc6 5. c3 e5 6. Be2 a6 7. Qc2 dxe4 8. dxe4 Bc5 9. 0-0 0-0 10. b4 Ba7 11. a4 Re8 12. Nc4 Bg4 13. Bg5 Bxf3 14. Bxf3 h6 15. Bh4 Qe7 16. Ne3 Bxe3 17. fxe3 Rf8 18. Be2 g5 19. Bg3 Ne8 20. Rad1 Rd8 21. b5 Rxd1 22. Qxd1 axb5 23. axb5 Nb8 24. Qd5 Nd7 25. Qxb7 Qc5 26. Qd5 Qxe3+ 27. Bf2 Qxe2 28. Qxd7 Qc4 29. b6 cxb6 30. Bxb6 Qxc3 31. h4 Ng7 1/2-1/2

[Event "Udaipur Lakecity blitz op 1st"]
[Site "Udaipur"]
[Date "2019.09.16"]
[Round "1"]
[White "Rupam, Mukherjee"]
[Black "Ghosh, Diptayan"]
[Result "0-1"]
[WhiteElo "1521"]
[BlackElo "2527"]
[PlyCount "120"]
[EventDate "2019.09.16"]
[EventType "swiss (blitz)"]
[EventRounds "9"]
[EventCountry "IND"]
[SourceTitle "EXT 2020"]
[Source "ChessBase"]
[SourceDate "2019.10.17"]
[SourceVersion "1"]
[SourceVersionDate "2019.10.17"]
[SourceQuality "1"]

1. d4 Nf6 2. c4 e6 3. Nc3 Bb4 4. Qc2 0-0 5. e3 c5 6. Nf3 b6 7. Bd3 Bb7 8. Bd2 cxd4 9. exd4 Bxf3 10. gxf3 Nc6 11. Be3 d5 12. 0-0-0 Rc8 13. Kb1 dxc4 14. Bxc4 Na5 15. Bd3 Bxc3 16. bxc3 Nc4 17. Bxc4 Rxc4 18. Qd3 Qc7 19. Rc1 Nd5 20. Bd2 Rc8 21. Kb2 b5 22. a3 Nb6 23. Rhg1 Na4+ 24. Kb3 Qc6 25. Qe4 Nc5+ 26. dxc5 Rxe4 27. fxe4 Qxc5 28. Be3 Qc4+ 29. Kb2 Qxe4 30. Bxa7 Rd8 31. Be3 f6 32. Rgd1 Rxd1 33. Rxd1 h5 34. Rd4 Qg2 35. h4 Kh7 36. Rb4 Qd5 37. a4 bxa4 38. Rxa4 e5 39. c4 Qc6 40. Kb3 f5 41. Ra5 f4 42. Rxe5 fxe3 43. Rxh5+ Kg8 44. fxe3 Qb6+ 45. Kc2 Qxe3 46. Rd5 Qf2+ 47. Kb3 Qxh4 48. c5 Qe4 49. Rd6 Qe5 50. Kb4 g5 51. Rd8+ Kf7 52. Rd7+ Ke6 53. c6 g4 54. Rd8 Qc7 55. Rg8 Qb6+ 56. Kc3 Qxc6+ 57. Kd4 Kf5 58. Rf8+ Kg5 59. Rg8+ Kh4 60. Rh8+ Kg3 0-1

[Event "Goa op 1st"]
[Site "Taleigao"]
[Date "2018.10.13"]
[Round "1"]
[White "Neelotpal, Das"]
[Black "Rupam, Mukherjee"]
[Result "1-0"]
[WhiteElo "2436"]
[BlackElo "1929"]
[PlyCount "91"]
[EventDate "2018.10.13"]
[EventType "swiss"]
[EventRounds "10"]
[EventCountry "IND"]
[SourceTitle "CBM 186 Extra"]
[Source "ChessBase"]
[SourceDate "2018.08.24"]
[SourceVersion "1"]
[SourceVersionDate "2018.08.24"]
[SourceQuality "1"]

1. e4 c5 2. Nf3 d6 3. d4 cxd4 4. Nxd4 Nf6 5. Nc3 a6 6. Be2 e6 7. 0-0 Nc6 8. Be3 Qc7 9. f4 Be7 10. Kh1 Bd7 11. a4 Nxd4 12. Qxd4 e5 13. Qd3 Rc8 14. a5 Be6 15. f5 Bc4 16. Qd1 Bxe2 17. Qxe2 d5 18. exd5 Bb4 19. Bb6 Qe7 20. Rad1 Bxc3 21. bxc3 0-0 22. d6 Qd7 23. Qxe5 Rfe8 24. Qd4 Re4 25. Qd3 Rce8 26. Qg3 h5 27. h3 h4 28. Qf3 Re2 29. Rf2 Re1+ 30. Kh2 Rxd1 31. Qxd1 Ne4 32. Rf4 Nxc3 33. Qd3 Nb5 34. Bc5 Re5 35. Bb4 Na7 36. Bc3 Rb5 37. Qd4 f6 38. Rxh4 Qxf5 39. d7 Nc6 40. d8R+ Nxd8 41. Qxd8+ Kf7 42. Qc7+ Kg8 43. Rg4 g5 44. Rd4 Qe5+ 45. Qxe5 Rxe5 46. Rd8+ 1-0